LEADER 00968nam0 2200277 450 001 000003138 005 20081209150659.0 010 $a88-453-0764-6 100 $a20011012d1997----km-y0itay50------ba 101 0 $aita 102 $aIT 200 1 $aOrganizzazione dei sistemi informativi$emodelli per l'analisi e la progettazione$fAndrea Pontiggia 210 $a[Milano]$cEtaslibri$d1997 215 $aXI, 308 p.$d24 cm 225 2 $aGestione d'impresa$iDirezione 410 0$12001$aGestione d'impresa 500 10$aOrganizzazione dei sistemi informativi$952502 610 1 $aAziende$aSistemi informativi 676 $a658.4038$v21$9Direzione aziendale. Gestione dell'informazione 700 1$aPontiggia,$bAndrea$0437625 801 0$aIT$bUNIPARTHENOPE$gRICA$2UNIMARC 912 $a000003138 951 $cNAVA1$a658-O/13$b34763$d20011012 951 $aP1 658-O/21$b41049$cPIST$d2008 996 $aOrganizzazione dei sistemi informativi$952502 997 $aUNIPARTHENOPE LEADER 01109nam0 22002413i 450 001 VAN0106808 005 20230724023836.172 100 $a20161107d1960 |0itac50 ba 101 $aita 102 $aIT 105 $a|||| ||||| 200 1 $aˆL'‰Editio ne varietur delle opere di Benedetto Croce$esaggio bibliografico con taluni riassunti o passi testuali e ventinove fuori testo$fFausto Nicolini 210 $aNapoli$c[s.n.]$d1960 215 $a539 p., 29 c. di tav.$d25 cm 410 1$1001VAN0100761$12001 $aBiblioteca del Bollettino dell'Archivio storico$fBanco di Napoli$1210 $aNapoli$cL'arte tipografica.$v5 620 $dNapoli$3VANL000005 700 1$aNicolini$bFausto$3VANV022310$037039 801 $aIT$bSOL$c20230728$gRICA 899 $aBIBLIOTECA DEL DIPARTIMENTO DI GIURISPRUDENZA$1IT-CE0105$2VAN00 912 $aVAN0106808 950 $aBIBLIOTECA DEL DIPARTIMENTO DI GIURISPRUDENZA$d00CONS BL.900M.616 $e00BL 3435 SLP 20161107 Biblioteca Lauria 996 $aEditio ne varietur delle opere di Benedetto Croce$9297282 997 $aUNICAMPANIA